000 00418pab a2200145 454500
008 180718b1995 xxu||||| |||| 00| 0 eng d
100 _aShaoguang Wang
245 _aLearning by debating
_bthe changing role of the state in China's economy and economic theories.
260 _c1995
300 _ap.11-25
362 _aSpring
650 _aChina - Economic policy
773 _aPolicy Studies Journal
909 _a28797
999 _c28797
_d28797